Research methodology/ (Record no. 7331)
[ view plain ]
| 000 -LEADER | |
|---|---|
| fixed length control field | 00786nam a22002297a 4500 |
| 003 - CONTROL NUMBER IDENTIFIER | |
| control field | BUBTL |
| 008 - FIXED-LENGTH DATA ELEMENTS--GENERAL INFORMATION | |
| fixed length control field | 240703b ||||| |||| 00| 0 eng d |
| 020 ## - INTERNATIONAL STANDARD BOOK NUMBER | |
| International Standard Book Number | 9788120349469 |
| 041 ## - LANGUAGE CODE | |
| Language code of text/sound track or separate title | eng |
| 082 ## - DEWEY DECIMAL CLASSIFICATION NUMBER | |
| Classification number | 001.42/ P1944r/ 2023 |
| 100 ## - MAIN ENTRY--PERSONAL NAME | |
| 9 (RLIN) | 5713 |
| Personal name | Panneerselvam, R. |
| 245 ## - TITLE STATEMENT | |
| Title | Research methodology/ |
| Statement of responsibility, etc. | R. Panneerselvam |
| 250 ## - EDITION STATEMENT | |
| Edition statement | 2nd ed |
| 260 ## - PUBLICATION, DISTRIBUTION, ETC. (IMPRINT) | |
| Place of publication, distribution, etc. | Delhi: |
| Name of publisher, distributor, etc. | PHI Learning Private Limited, |
| Date of publication, distribution, etc. | c2023 |
| 300 ## - PHYSICAL DESCRIPTION | |
| Extent | xvi, 699 p.: |
| Dimensions | 23 cm. |
| 500 ## - GENERAL NOTE | |
| General note | Includes Index |
| 505 ## - FORMATTED CONTENTS NOTE | |
| Formatted contents note | Research methodology, Overview of research methodology, Data collection and presentation, Review of basic statistical measures, Design and analysis of experiments |
| 650 #0 - SUBJECT ADDED ENTRY--TOPICAL TERM | |
| 9 (RLIN) | 39 |
| Topical term or geographic name as entry element | Management |
| 856 ## - ELECTRONIC LOCATION AND ACCESS | |
| Password | 0 |
| Logon | 0 |
| Link text | Download |
| 942 ## - ADDED ENTRY ELEMENTS (KOHA) | |
| Source of classification or shelving scheme | |
| Koha item type | Books |
| Withdrawn status | Lost status | Source of classification or shelving scheme | Damaged status | Not for loan | Collection code | Permanent location | Current location | Shelving location | Date acquired | Source of acquisition | Inventory number | Total Checkouts | Full call number | Barcode | Date last seen | Copy number | Price effective from | Koha item type |
|---|---|---|---|---|---|---|---|---|---|---|---|---|---|---|---|---|---|---|
| Not For Loan | Non-fiction | Bangladesh University of Business and Technology Library | Bangladesh University of Business and Technology Library | Management Stacks | 07/01/2024 | Purchase | 30084 | 001.42/ P1944r/ 2023 | BUBTL-200330084 | 07/03/2024 | C-1 | 07/03/2024 | Books | |||||
| Not For Loan | Non-fiction | Bangladesh University of Business and Technology Library | Bangladesh University of Business and Technology Library | Management Stacks | 07/01/2024 | Purchase | 30085 | 001.42/ P1944r/ 2023 | BUBTL-200330085 | 07/03/2024 | C-2 | 07/03/2024 | Books | |||||
| Non-fiction | Bangladesh University of Business and Technology Library | Bangladesh University of Business and Technology Library | Management Stacks | 07/01/2024 | Purchase | 30086 | 001.42/ P1944r/ 2023 | BUBTL-200330086 | 07/03/2024 | C-3 | 07/03/2024 | Books | ||||||
| Non-fiction | Bangladesh University of Business and Technology Library | Bangladesh University of Business and Technology Library | Management Stacks | 07/01/2024 | Purchase | 30087 | 001.42/ P1944r/ 2023 | BUBTL-200330087 | 07/03/2024 | C-4 | 07/03/2024 | Books | ||||||
| Non-fiction | Bangladesh University of Business and Technology Library | Bangladesh University of Business and Technology Library | Management Stacks | 07/01/2024 | Purchase | 30088 | 001.42/ P1944r/ 2023 | BUBTL-200330088 | 07/03/2024 | C-5 | 07/03/2024 | Books |
